000 00578nam a2200241 a 4500
001 0001-1044
003 ELIB.Books
008 141124 2010 eng
020 _aKBTS
035 _a(ELIB.Books)0001-1199
092 _a909
_bGil
100 _aGilmour, James.
245 _aAmong The Mongols.
260 _aNew York
_bPraeger Publishers
_c1970
300 _a382
_c21.5 Cm
500 _aLibrary
650 _aHistory
856 _nKBTS; Library
_uKBTS; Elib.
942 _2ddc
_cBK
990 _a1
998 _cbat
_e2014-11-24
999 _c11044
_d11044